LEADER 01342nam a2200241 u 4500 001 000000037704 003 CaOOAMICUS 005 20070226113809.0 008 980416s1938 it u000 u ita u 035 $a10790445 040 $aPUL(R)$bita 100 1 $aCanuto, Giorgio.$0(OLS)http://pul/name/28271 245 13$aLa medicina legale dei delitti contro la integrità e la sanità della stirpe :$brelazione al VII congresso italiano di medicina legale e delle assicurazioni (Napoli, 15-18 ottobre 1937-XV) /$cGiorgio Canuto. 260 $aPavia :$bTip. già Cooperativa,$c1938. 300 $a49 p. ;$c25 cm 500 $aEstratto dall'Archivio di antropologia criminale, psichiatria e medicina legale, fasc. 1, a. 1938. 504 $aBibliografia: p. 47-49. 650 4$aMedicina legale.$0(OLS)http://pul/subject/14387 850 $aPUL 852 $aPUL$W1$xDP1 Miscellanee$y10$mMiscell.A.Borettini.197$j51509$nBK-PRI$b $qStampati Miscellanee$B51509$CPULBib$Z2$F51509 $H $81 941 1 $a17 996 $6245$aLa medicina legale dei delitti contro la integrità e la sanità della stirpe :$brelazione al VII congresso italiano di medicina legale e delle assicurazioni (Napoli, 15-18 ottobre 1937-XV)$9(OLS)http://pul/title/51285 996 $6260$aPavia :$bTip. già Cooperativa$9(OLS)http://pul/publisher/63420 LEADER 01078naa a2200217 u 4500 001 000000098071 003 CaOOAMICUS 005 20070226130153.0 008 050520s1980 it u000 u ita u 035 $a11046343 040 $aIAR$bita 100 1 $aBonini, Francesco.$0(OLS)http://pul/name/61973 245 10$a[Recensione :] Marina Tesoro, I repubblicani nell'età giolittiana /$cFrancesco Bonini. 260 $aPisa :$bScuola Normale,$c1980. 300 $aS. 1908-1910 ;$c25 cm 600 14$aTesoro, Marina$tRepubblicani nell'età giolittiana.$0(OLS)http://pul/subject/31286 730 0 $aAnnali della Scuola normale superiore di Pisa, Classe di lettere e filosofia$g[Spogli].$0(OLS)http://pul/title/24292 773 0 $tAnnali della Scuola Normale Superiore di Pisa$gSerie III, vol. X,4 (1980). 773 0 $tAnnali della Scuola normale superiore di Pisa, Classe di lettere e filosofia$w()16982 996 $6245$a[Recensione :] Marina Tesoro, I repubblicani nell'età giolittiana$9(OLS)http://pul/title/124954 996 $6260$aPisa :$bScuola Normale$9(OLS)http://pul/publisher/79182